<?xml version="1.0" encoding="UTF-8"?>
<record
    xmlns:xsi="http://www.w3.org/2001/XMLSchema-instance"
    xsi:schemaLocation="http://www.loc.gov/MARC21/slim http://www.loc.gov/standards/marcxml/schema/MARC21slim.xsd"
    xmlns="http://www.loc.gov/MARC21/slim">

  <leader>00500nam a2200169Ia 4500</leader>
  <controlfield tag="008">230718s9999    xx            000 0 und d</controlfield>
  <datafield tag="020" ind1=" " ind2=" ">
    <subfield code="a">9780852969762</subfield>
  </datafield>
  <datafield tag="041" ind1=" " ind2=" ">
    <subfield code="a">eng</subfield>
  </datafield>
  <datafield tag="082" ind1=" " ind2=" ">
    <subfield code="a">621</subfield>
    <subfield code="b">SUN</subfield>
  </datafield>
  <datafield tag="100" ind1=" " ind2=" ">
    <subfield code="a">Sun Y. (Editor)</subfield>
    <subfield code="9">175043</subfield>
  </datafield>
  <datafield tag="245" ind1=" " ind2=" ">
    <subfield code="a">Design Of High Frequency Integrated Analogue Filters</subfield>
  </datafield>
  <datafield tag="260" ind1=" " ind2=" ">
    <subfield code="c">2002</subfield>
    <subfield code="b">IEE</subfield>
  </datafield>
  <datafield tag="300" ind1=" " ind2=" ">
    <subfield code="a">239</subfield>
    <subfield code="d">Ref 1247 E ME (37773)</subfield>
  </datafield>
  <datafield tag="365" ind1=" " ind2=" ">
    <subfield code="c">Rs.</subfield>
    <subfield code="b">5154.00</subfield>
  </datafield>
  <datafield tag="700" ind1=" " ind2=" ">
    <subfield code="a">Sun Y. (Editor)</subfield>
    <subfield code="9">175043</subfield>
  </datafield>
  <datafield tag="906" ind1=" " ind2=" ">
    <subfield code="d">O:0135209-Dec-2010B:302030-Oct-2010</subfield>
    <subfield code="c">ME ETC</subfield>
    <subfield code="b">1030.8</subfield>
  </datafield>
  <datafield tag="999" ind1=" " ind2=" ">
    <subfield code="c">326566</subfield>
    <subfield code="d">326566</subfield>
  </datafield>
  <datafield tag="952" ind1=" " ind2=" ">
    <subfield code="0">0</subfield>
    <subfield code="1">0</subfield>
    <subfield code="2">ddc</subfield>
    <subfield code="3">Ref 1247 E M. Tech. (37773)</subfield>
    <subfield code="4">0</subfield>
    <subfield code="7">3</subfield>
    <subfield code="a">CCEP</subfield>
    <subfield code="b">CCEP</subfield>
    <subfield code="d">2010-12-09</subfield>
    <subfield code="e">Pradeep Book Distributors</subfield>
    <subfield code="f">ME ETC</subfield>
    <subfield code="g">4123.20</subfield>
    <subfield code="i">3020</subfield>
    <subfield code="o">621</subfield>
    <subfield code="p">CCEP-BK-37773</subfield>
    <subfield code="r">2023-07-18 00:00:00</subfield>
    <subfield code="t">1030.8</subfield>
    <subfield code="v">5154.00</subfield>
    <subfield code="w">2010-10-30</subfield>
    <subfield code="y">BK</subfield>
    <subfield code="z">037773</subfield>
  </datafield>
</record>
